[Event "Radulescu Memorial"]
[Site "Calimanesti"]
[Date "1999.??.??"]
[Round "2"]
[White "Solak, Dragan"]
[Black "Nisipeanu, Liviu Dieter"]
[Result "0-1"]
[WhiteElo "2460"]
[BlackElo "2594"]
[Annotator "Atlas,V"]
[PlyCount "88"]
[EventDate "1999.02.??"]
[EventType "tourn"]
[EventRounds "13"]
[EventCountry "ROU"]
[EventCategory "8"]
[SourceTitle "CBM 070"]
[Source "ChessBase"]
[SourceDate "1999.06.08"]
[SourceVersion "1"]
[SourceVersionDate "1999.06.08"]
[SourceQuality "1"]

1. e4 c5 2. Nf3 d6 3. d4 Nf6 4. Nc3 cxd4 5. Nxd4 a6 6. Be3 e6 7. g4 h5 8. g5
Ng4 9. Bc1 Qb6 10. h3 Ne5 11. Nb3 (11. Be2 g6 12. f4 Nec6 13. Nb3 Nd7 (13...
Qc7 14. Be3 Bg7 15. Qd2 O-O 16. O-O-O Rd8 17. Na4 b5 18. Nb6 Bb7 19. Nxa8 Bxa8
20. Kb1 Ne7 21. Bf3 {1-0 Yudasin,L-Van Wely,L/Pula 1997/CBM 57 ext (46)}) 14.
Bf3 Qc7 15. Nd4 Bg7 16. Be3 O-O 17. O-O Nb6 18. Be2 Nxd4 19. Bxd4 e5 20. Be3 {
1/2-1/2 Kalod,R-Fedorchuk,S/Pardubice 1997/CBM 59 ext (53)}) 11... Nbd7 $5 (
11... Qc7 12. f4 Ned7 13. Be3 b5 14. Bd3 g6 15. Bd4 Rg8 16. Qf3 Bb7 17. Rf1 Nc6
18. Be3 Bg7 19. O-O-O Bxc3 20. bxc3 Nb6 21. Qf2 Na4 22. Bd2 Ne7 23. Qd4 Rc8 {
0-1 Anka,E-Sax,G/Gyula 1997/CBM 58 ext (33)}) 12. f4 Nc6 13. Qf3 g6 14. Be3 Qc7
15. f5 (15. Bd3 {deserved serious attention.}) (15. Rh2 $5 {/\Rd2, /\0-0-0 was
another interesting option.}) 15... b5 16. a3 Bb7 $6 17. f6 $2 {A dubious move.
} (17. Bg2 b4 18. axb4 Nxb4 19. Qe2 {was to be preferred.}) 17... b4 {After
this move Black seizes initiative.} 18. axb4 Nxb4 19. O-O-O d5 $1 20. Qf2 (20.
exd5 $6 {falls short after} Bxd5 21. Rxd5 exd5) 20... dxe4 21. Bg2 Rc8 22. Rd2
Nd5 $1 23. Rhd1 Bb4 24. Bxe4 Bxc3 25. bxc3 O-O 26. Bd4 a5 27. c4 Nb4 (27...
Qxc4 28. Nxa5 Qb4 29. Nxb7 {is not very convincing. The text move alows Black
to retain a strong attack on the queenside.}) 28. Bxb7 Qxb7 29. Bb2 ({Eleagant
mate occurs after} 29. Nxa5 Na2#) 29... Nb6 30. Nxa5 Qa6 31. c5 (31. Nb3 {
is bad in view of} Nxc4 {followed by 32...Qa2.}) 31... Na4 $1 32. Nb3 Na2+ 33.
Kb1 N2c3+ 34. Bxc3 Nxc3+ 35. Kb2 ({Certainly, not} 35. Kc1 Qa3#) 35... Nxd1+
36. Rxd1 Ra8 {Despite some exchanges, Black's attack remians dangerous.} 37.
Rd7 Rfb8 {[%csl Rb2][%cal Ga8a1,Gb8b2] Threatening 38....Qa1#.} 38. Kc3 Qc6 39.
Qd4 (39. Rd6 Qe4 40. Qd4 Qf3+ 41. Qd3 Qf4) 39... Qf3+ 40. Qd3 Qf4 41. c6 (41.
Rxf7 {is refuted by} Qe5+ (41... Kxf7 $4 42. Qd7+ Kf8 43. Qe7+ Kg8 44. Qg7#)
42. Kd2 Qxg5+ 43. Ke2 Kxf7) (41. Qd2 Qe5+ 42. Qd4 Qxg5) 41... Qb4+ 42. Kb2 Qa3+
43. Kc3 Qb4+ 44. Kb2 Qa4 (44... Qa4 {(resuming the mate threat 45...Qa1)} 45.
Rb7 Qxc6 $19) 0-1

[Event "Clarin GP final"]
[Site "Villa Gesell"]
[Date "1997.??.??"]
[Round "8"]
[White "Rosito, Jorge"]
[Black "Valerga, Diego"]
[Result "0-1"]
[WhiteElo "2460"]
[BlackElo "2445"]
[Annotator "Atlas,V"]
[PlyCount "84"]
[EventDate "1997.03.02"]
[EventType "tourn"]
[EventRounds "11"]
[EventCountry "ARG"]
[EventCategory "11"]
[SourceTitle "CBM 058"]
[Source "ChessBase"]
[SourceDate "1997.06.01"]
[SourceVersion "1"]
[SourceVersionDate "1997.06.01"]
[SourceQuality "1"]

1. e4 c5 2. Nf3 d6 3. d4 cxd4 4. Nxd4 Nf6 5. Nc3 e6 6. g4 h6 7. h4 Nc6 8. Rg1
h5 9. gxh5 Nxh5 10. Bg5 Nf6 11. Qd2 a6 12. O-O-O Bd7 13. Be2 Qb6 14. f4 $2 ({
A serious positional mistake. This continuation allows Black to transform a
game into a better ending. After} 14. Be3 Qc7 {Black wins a tempo, due to
unprotected position of the Ph4.}) ({Standard response} 14. Nb3 {seems to be
the best alternative, though it can lead to very complicated play after} Qxf2
15. h5 $5 {/\h6, with s compensation for the pawn.} (15. Be3 {seems to be
insufficient:} Qxh4 16. Bf3 Ne5 17. Rh1 Nxf3 18. Rxh4 Nxd2 19. Rxh8 Ndxe4 $19))
14... Qxd4 $1 15. Qxd4 Nxd4 16. Rxd4 d5 $1 {An important tactical argument,
capitalizing on White's positional error. Now in view of the threat Bc5, White
has to aggravate his position by exchanging his bishop -the most desirable
scenario for Black in Keres attack!} 17. Bxf6 gxf6 18. Rh1 Bc5 (18... Bh6 {
also deserved a serious attention, e.g.,} 19. exd5 e5 20. Rdd1 Bxf4+ {, with a
large advantage for Black.}) 19. Rd3 d4 20. Nd1 Bd6 21. Rf3 Ke7 {[%cal Ga8g8,
Gg8g2,Rh8h4,Rd7c6,Rc6e4,Gd6f4] Bishop pair, good pawn structure, and high
activity of all pieces vs. fully discoordinated set-up of white pieces and
chronically weak pawns on the kingside - this bilanz promises Black excellent
perspectives for the rest of the game.} 22. Nf2 Rag8 {Setting the control over
the only open line.} 23. Kd1 Bc6 24. h5 f5 25. Bd3 Rh6 26. Rh4 Kf8 $1 {Opening
the square e7 for the bishop.} 27. Ke2 ({Now} 27. Rfh3 {is impossible because
of} Be7 {[%csl Rh4][%cal Ge7h4]}) 27... Rgh8 {Winning the pawn h5. Again, 28.
Rfh3 loses after 28...Be7.} 28. Rg3 Rxh5 $19 29. Rxh5 Rxh5 30. e5 Be7 31. Nh3
Bd5 32. b3 Bh4 33. Rg1 Bd8 34. Rg3 Rh4 {The position is easily won for Black.
He chooses the most obvious winning plan: to exchange the central pawn e5,
after which White is helpless because of the weakness of the pawn f4.} 35. Kf1
f6 36. exf6 Kf7 37. Be2 Kxf6 38. Bf3 Be4 39. Bxe4 fxe4 40. Ke2 Kf5 41. Nf2 Rh2
42. Kf1 Rxf2+ $1 ({The final blow. Now after} 42... Rxf2+ 43. Kxf2 Bh4 {
the pawn endgame is hopeless for White.}) 0-1

[Event "Lazne Bohdanec"]
[Site "Lazne Bohdanec"]
[Date "1997.??.??"]
[Round "10"]
[White "Votava, Jan"]
[Black "Tibensky, Robert"]
[Result "1-0"]
[WhiteElo "2530"]
[BlackElo "2445"]
[Annotator "Atlas,V"]
[PlyCount "39"]
[EventDate "1997.01.??"]
[EventType "tourn"]
[EventRounds "11"]
[EventCountry "CZE"]
[EventCategory "9"]
[SourceTitle "CBM 057"]
[Source "ChessBase"]
[SourceDate "1997.04.01"]
[SourceVersion "1"]
[SourceVersionDate "1997.04.01"]
[SourceQuality "1"]

1. e4 c5 2. Nf3 d6 3. d4 cxd4 4. Nxd4 Nf6 5. Nc3 a6 6. Be3 e6 7. g4 h6 8. f4 d5
$6 9. e5 Nfd7 10. Qe2 $146 {A new move, although one known might have been a
better idea.} (10. Qd2 Nc6 11. O-O-O Qc7 12. Bd3 g5 13. Nf3 gxf4 14. Bxf4 Ndxe5
15. Nxe5 Nxe5 16. Nxd5 exd5 17. Bxe5 Bd6 18. Bxh8 Bf4 19. Rhe1+ Be6 20. Re3 d4
21. Bxd4 O-O-O 22. Bf5 Bxf5 23. gxf5 {1-0 Palac,M-Soln,P/Bled op 1996}) 10...
Nc6 11. O-O-O Bc5 $6 ({This conitnuation yields White a durable advantage.
Better was} 11... Bb4 {, with counterchances.}) 12. Nb3 $1 {The best reaction.
After the exchange of the darksquared bishops Black gets a very passive
position.} Bxe3+ (12... Be7 {was a better choice.}) 13. Qxe3 Qb6 14. Qd2 {
White had no reasons to trade the queens, since his attacking chances would be
significantly reduced after 14.Qb6} Nc5 (14... a5) 15. Bg2 Bd7 $4 ({The
decisive mistake.} 15... O-O {was essential, though the position of the black
king is vulnerable and White has ecellent chances for the successful attack.})
16. Nxc5 Qxc5 17. Ne4 $1 {[%cal Gd2d7,Re4d6] The decisive blow.} Qb6 18. Nd6+
Ke7 19. c4 $1 dxc4 20. Nxf7 1-0

[Event "Bar"]
[Site "Bar"]
[Date "1997.11.22"]
[Round "4"]
[White "Ivanovic, Bozidar"]
[Black "Sokolov, Andrei"]
[Result "1/2-1/2"]
[WhiteElo "2500"]
[BlackElo "2585"]
[Annotator "Atlas,V"]
[PlyCount "86"]
[EventDate "1997.11.19"]
[EventType "tourn"]
[EventRounds "10"]
[EventCountry "YUG"]
[EventCategory "12"]
[SourceTitle "CBM 063"]
[Source "ChessBase"]
[SourceDate "1998.03.26"]
[SourceVersion "1"]
[SourceVersionDate "1998.03.26"]
[SourceQuality "1"]

1. e4 c5 2. Nf3 d6 3. d4 cxd4 4. Nxd4 Nf6 5. Nc3 e6 6. Be3 Be7 7. g4 h6 8. Qe2
a6 (8... Nc6 9. O-O-O Bd7 10. Rg1 Nxd4 (10... g5 11. Ndb5 Qb8 12. Qd2 Ne5 13.
Be2 Bxb5 14. Bxb5+ Kf8 15. Be2 Ng6 16. h4 Nxh4 17. f4 Ne8 18. f5 Qc8 19. Bd4
Rh7 20. Rg3 a6 21. Na4 Bd8 22. Rc3 Ba5 23. Nb6 Bxc3 24. Bxc3 Qd8 25. Nxa8 Qxa8
26. Bb4 exf5 27. e5 Qd8 28. exd6 Qd7 29. gxf5 Nxf5 30. Bg4 Neg7 31. Rf1 Kg8 32.
Bxf5 Nxf5 33. Rxf5 Qxf5 {1-0 Ochoa de Echaguen,F-Veingold,A/Zaragoza op 1993})
11. Bxd4 e5 12. Be3 Bc6 13. f3 Qa5 14. Kb1 Rd8 15. Qe1 Rc8 16. Bc4 a6 17. Bb3
b5 18. h4 b4 19. Ne2 Ba4 20. g5 Bxb3 21. axb3 hxg5 22. hxg5 Nd7 23. g6 Nf8 24.
gxf7+ Kxf7 25. f4 Qc7 26. Rd2 Bf6 27. Ng3 g6 28. Qd1 a5 29. f5 d5 30. Rxd5 Rh2
31. fxg6+ Kg8 32. Rc5 Qb7 33. Nh5 Bg7 34. Nxg7 Kxg7 35. Qd6 {1-0 Sion Castro,
M-Gamundi,A/La Coruna op 1993}) 9. O-O-O Qc7 10. f4 (10. Bg2 Nc6 11. h3 Bd7 12.
f4 Rc8 13. Qf2 b5 14. Nb3 O-O 15. e5 dxe5 16. g5 hxg5 17. fxg5 Nh5 18. Bb6 Qb7
19. Na5 Bxg5+ 20. Kb1 Qb8 21. Rxd7 Nxa5 22. Bxa5 Rc4 23. Ne4 Bd8 24. Bxd8 {
1-0 Sax,G-Jansa,V/Smederevska Palanka 1982}) 10... Nc6 11. Rg1 Bd7 $5 ({
This continuation, leading to a very sharp play, seems to be an improvement
over} 11... Nxd4 12. Bxd4 e5 13. Be3 exf4 14. Bxf4 Be6 15. Nd5 Bxd5 16. exd5
Rc8 17. h4 $40 Qc5 18. Be3 Qa5 19. Kb1 Nxd5 20. Bd4 Kf8 (20... O-O {fails} 21.
c4) 21. a3 Bxh4 22. Qf3 Qa4 $2 {(loses immediately)} 23. Qxd5 Qxc2+ 24. Ka2 Qc6
25. Bg2 f6 26. Qe6 Qc7 27. Rc1 {1-0 Stefansson,H-Rossiter,P/Lloyds Bank op 1987
}) 12. g5 ({The principal continuation, although} 12. h4 $5 {was am important
alterntive.}) 12... hxg5 13. fxg5 Nxd4 14. Rxd4 ({After} 14. Bxd4 Nh5 {the
black knight has an access to f4, so that an immediate} 15. g6 {fails to} fxg6
16. Rxg6 $2 Nf4 17. Qg4 e5 $19 {The text move allows White to realize the
positional threat g5-g6 without delay.}) 14... Nh5 15. g6 fxg6 16. Rxg6 Qa5 (
16... O-O-O $2 {would be a terrible mistake in view of} 17. Rc4 Bc6 18. Rxe6
$18 {The black queen aims at the centralized position, which is, however,
vulnerable to the attack of White's dark-squared bishop.}) 17. Rg1 Qe5 $5 ({
An enterprising continuaion.} 17... O-O-O $132 {was an interesting option.})
18. Rd2 {Now the threat is 19.Bd4.} Bf6 19. Kb1 Rc8 {Threatening by 20...Rc3.}
20. Bd4 Qxd4 $5 {This enterprising sacrifice yields Black a good compensation.
His dark-squared bishop occupies the e5-square after the queen and effectively
conducts the actions of the black pieces, whereas his king seems to be safely
positioned in the center.} (20... Qf4 {deserved a serious attention, though
the tex tmove defnitely better corresponds to Sokolov's style.}) 21. Rxd4 Bxd4
{[%cal Gd4e5,Gh5f4,Ge5f4,Gh8h2,Gc8c3]} 22. Rg5 Nf4 23. Qd2 Be5 24. a3 Ke7 {
By this move Black establishes interaction between his rooks and intends the
transfer of his c8 rook to the open f-file.} 25. Rg4 Rcf8 26. h4 Nh5 ({Another
intersting option was to double the rooks along the f-file:} 26... Rf7 {/\Rf8.}
) 27. Bd3 Rf4 ({Black forces the rook exchange, since the retreat of the white
rook leads to loss of the h4-pawn. In my opinion,} 27... Rf3 $5 {/\Nf4 yielded
Black more chances to win the game.}) 28. Be2 Rxg4 29. Bxg4 Nf4 30. Qf2 Bc6 31.
Ka2 {All black pieces are actively placed, but White has sufficient
counterchances.} Rf8 32. Qb6 Kd7 33. h5 Rc8 34. Qe3 Rh8 35. Qb6 $1 Bxc3 ({
A pawn capture} 35... Nxh5 $2 {would be a terrible mistake in view of} 36. Nd5
$1 {, and Black is entirely lost.}) 36. bxc3 Nxh5 37. e5 $1 {This effective
sacrifice equalizes the game.} (37. Qe3 Nf6 38. Qg5 {was also an interesting
option.}) 37... dxe5 38. Qe3 {Threatening by 39.Qe5 and 39.Qg5.} Nf6 39. Qxe5
Bd5+ 40. Kb2 Rh4 ({Certainly, not} 40... Nxg4 41. Qxg7+) 41. Be2 Re4 42. Qh2
Ng4 43. Qh7 Rxe2 ({A draw was agreed, since after} 43... Rxe2 44. Qxg7+ Kd6 45.
Qxg4 Re4 {the game is entirely equal.}) 1/2-1/2

[Event "EU-chT (Men) 11th"]
[Site "Pula"]
[Date "1997.05.??"]
[Round "6.2"]
[White "Yudasin, Leonid"]
[Black "Van Wely, Loek"]
[Result "1-0"]
[WhiteElo "2600"]
[BlackElo "2645"]
[Annotator "Atlas,V"]
[PlyCount "91"]
[EventDate "1997.05.05"]
[EventType "team-swiss"]
[EventRounds "9"]
[EventCountry "CRO"]
[SourceTitle "CBM 057 Extra"]
[Source "ChessBase"]
[SourceDate "1997.05.01"]
[SourceVersion "1"]
[SourceVersionDate "1997.05.01"]
[SourceQuality "1"]
[WhiteTeam "Israel"]
[BlackTeam "Netherlands"]
[WhiteTeamCountry "ISR"]
[BlackTeamCountry "NED"]

1. e4 c5 2. Nf3 d6 3. d4 cxd4 4. Nxd4 Nf6 5. Nc3 a6 6. Be3 e6 7. g4 h5 {
This sharp conitnuation is regarded by theory as rather dangerous for Black.}
8. g5 ({A principal continuation. An alternative} 8. gxh5 d5 9. exd5 Nxd5 10.
Nxd5 Qxd5 11. Rg1 e5 12. Bg2 Qa5+ 13. Bd2 Qb6 14. Nb3 Nc6 {leads to the
unclear play, Sax,G-Barlov,D/Smederevska Palanka 1982.}) 8... Ng4 9. Bc1 Qb6
10. h3 ({An important alternative is} 10. Be2 {Now after} Nc6 11. Bxg4 Nxd4 12.
Be3 hxg4 13. Bxd4 Qa5 14. g6 fxg6 15. Qxg4 Qh5 16. Qxh5 Rxh5 17. O-O-O b5 18.
Rdg1 Kf7 19. Rg2 Bb7 20. f3 Be7 21. Rhg1 g5 {Black retains the counterchances
in the complicated ending, Santos,C-Galego,L/Lisbon Masters 1996}) 10... Ne5
11. Be2 g6 ({A pawn sacrifice} 11... Nbc6 {deserved here a serious attention:}
12. Nxc6 bxc6 13. Bxh5 (13. f4 Ng6 14. Bxh5 Nh4 $132) 13... g6 14. Be2 c5 {
, with compensation for a sacrificed pawn.}) 12. f4 Nec6 13. Nb3 Qc7 14. Be3
Bg7 ({Another plan, connected with the rapid development of the queenside,
could be initiated by} 14... b5 {Now after} 15. Qd2 Bb7 ({the dark-squared
bishop should not leave the diagonal f8-a3, as after} 15... Bg7 {White plays}
16. Bxb5 $1 axb5 (16... Bxc3 $2 17. Qxc3 $18 {[%cal Rc3h8]}) 17. Nxb5 {[%csl
Rd6] , and after winning Pd6, gets excellent winning chances}) 16. O-O-O Nd7 {
intending 17...0-0-0, Black gets good counterchances. The main drawback of the
textmove is weakening Pd6, which amplifies the danger of the threat Na4.}) 15.
Qd2 O-O 16. O-O-O Rd8 17. Na4 $1 {Now Nd7 ledas to a loss of Pd6. Black opts
for an exchange sacrifice, counting on his counterchances on the queenside.} b5
18. Nb6 Bb7 19. Nxa8 Bxa8 20. Kb1 Ne7 {The most natural way of the further
development. Black retains certain counterchances, although he does not seem
to get a full complensation for the exchange.} 21. Bf3 Nbc6 22. Qf2 {
Threatening Bb6} Rb8 23. Qd2 Rd8 (23... Nc8 {was also possible, although then
24.nd4 yields White a comfortable play.}) 24. Rhf1 a5 25. Nd4 d5 (25... Na7 {
was bad in view of} 26. f5 $1 {, with the devastating attack.}) 26. Nxc6 Nxc6
27. Qf2 $1 ({An important intermediate move. After} 27. exd5 {Black can play}
Nb4 {, with the idea} 28. d6 Rxd6 29. Qxd6 $4 Qxc2+ 30. Ka1 Qxb2#) 27... Nb4 $2
({A dubious decision. Instead, Black could opt for} 27... d4 28. Bc1 e5 {
, retaining promising counterchances.}) 28. Bb6 Qc4 29. b3 ({Certainly, not} 
29. Bxd8 $4 Qxa2+ 30. Kc1 Qxb2+ 31. Kd2 Qxc2+ 32. Ke3 d4+ {, and Black wins.})
29... Qc3 30. e5 a4 (30... Rc8 31. Bxa5 {is also unsatisfactory.}) 31. Qd2 ({
A grave mistake would be} 31. Bxd8 $4 a3 {/\Qb2} 32. Qd4 Qxc2+ 33. Ka1 Qxa2#)
31... Qxd2 32. Rxd2 Rc8 33. c3 $1 {This move yields White a large advantage in
the endgame.} Rxc3 34. Ba5 Bf8 35. Rd4 Rxf3 {The best response, which, however,
does not yield Black the chance to escape.} 36. Rxf3 Nc6 37. Bb6 $1 {After
this move Black is helpless.} Nxd4 38. Bxd4 {Threatening Rc3.} Bb4 39. a3 Be1
40. b4 {The simplest.} Kg7 41. Kc2 h4 42. Rf1 Bg3 43. Kd3 Bc6 44. Rc1 Bd7 45.
Rc7 Be8 46. Ke3 1-0

[Event "AUT-chT 9798"]
[Site "Austria"]
[Date "1997.10.13"]
[Round "2"]
[White "Kindermann, Stefan"]
[Black "Atlas, Valeri"]
[Result "1-0"]
[WhiteElo "2570"]
[BlackElo "2455"]
[Annotator "Atlas,V"]
[PlyCount "115"]
[EventDate "1997.10.12"]
[EventType "team-tourn"]
[EventRounds "11"]
[EventCountry "AUT"]
[SourceTitle "CBM 062"]
[Source "ChessBase"]
[SourceDate "1998.01.31"]
[SourceVersion "1"]
[SourceVersionDate "1998.01.31"]
[SourceQuality "1"]
[WhiteTeam "Graz Merkur"]
[BlackTeam "Hohenems"]
[WhiteTeamCountry "AUT"]
[BlackTeamCountry "AUT"]

1. e4 c5 2. Nf3 d6 3. d4 cxd4 4. Nxd4 Nf6 5. Nc3 e6 6. g4 h6 7. h4 Be7 8. Rg1
Nh7 $5 {[%csl Rh4][%cal Gd8h4] This move I tested for the first time against
Belloti and won a nice game:} 9. Nf3 $5 (9. g5 hxg5 10. hxg5 Nxg5 11. Ndb5 f6
12. Bxg5 fxg5 13. Qd4 O-O 14. O-O-O Nc6 15. Qc4 a6 16. Nd4 Nxd4 17. Rxd4 Bf6
18. Rd3 Be5 19. Rh3 b5 20. Qe2 Qf6 21. Nd1 Bb7 22. Kb1 Rac8 23. Bg2 Rc4 24.
Rgh1 Rfc8 25. Rh8+ Kf7 26. Rxc8 Rxc8 27. Rh3 Ke7 28. a4 bxa4 29. Ra3 Rc6 30.
Rxa4 Rb6 31. Qc4 Kd8 32. Rb4 Rxb4 33. Qxb4 Kc7 34. Bf1 Qf3 35. Qc4+ Kb8 36. Ne3
Qxf2 37. Ng4 Qe1+ 38. Ka2 Qa5+ 39. Kb1 Qe1+ 40. Ka2 Qxe4 41. Qxe4 Bxe4 42. Nxe5
dxe5 {0-1 Belotti,B - Atlas,V (2450) SWZ-chI op (8), 1992}) 9... Nc6 (9... Bxh4
$2 {is bad in view of} 10. Nxh4 Qxh4 11. Qxd6 {/\Nb5}) 10. Be3 a6 (10... g5 $6
{is met by} 11. Qd2) 11. g5 ({If} 11. Qd2 {then} Ne5 $5 $132) 11... hxg5 12.
hxg5 Nf8 (12... Ne5 $5 {deserved here serious attention.} 13. Nd4 (13. Nxe5
dxe5 14. Qxd8+ Bxd8 15. g6 fxg6 16. Rxg6 Kf7 $132) 13... Bxg5 14. Bxg5 Nxg5 15.
f4 Nh3 16. Bxh3 Qh4+ $13) 13. Qd2 b5 (13... Ne5 $5 14. Nd4 Qc7 {/\Nc4 was
worth considering.}) 14. O-O-O Qa5 $6 (14... Bb7 15. Nd4 Qd7 {was to be
preferred.}) 15. Kb1 Bb7 16. Bd3 (16. Nd4 $5 $14) 16... O-O-O {[#]} ({If} 16...
Ng6 {then} 17. Nd4) 17. a3 (17. Nd4 $2 {yields Black a strong attack after}
Nxd4 18. Bxd4 b4 19. Ne2 e5 20. Be3 d5 $17 {->}) 17... Ng6 18. Nd4 Nge5 19. f4
$6 ({Not the best continuation. Instead of the text move, White could gain
advantage by playing} 19. Nxc6 Nxc6 20. f4 {/\Qf2, /\g6} Nb8 $5 (20... d5 $6
21. exd5 exd5 22. Bf5+ Kb8 23. Nxd5 b4 24. Be4 $16) (20... Rd7 21. Qf2 Bd8 $5)
21. Qf2 Nd7 $14) 19... Nxd4 20. Bxd4 Nf3 21. Qe3 {[%csl Ra5][%cal Gd4b6,Gb6a5,
Gb6d8]} Nxd4 ({Certainly, not} 21... Nxg1 $2 22. Bb6 $18) 22. Qxd4 g6 $6 ({
Imprecise responce. After} 22... Rhg8 $1 23. f5 (23. g6 $140 $2 Bf6) 23... Qc7
$11 {the game is equal.}) 23. f5 d5 $1 {The best continuation, yielding Black
a sufficient counterplay.} 24. Qg7 {[#]} dxe4 (24... exf5 {fails to} 25. exf5)
25. Bxe4 Bxe4 26. Nxe4 exf5 27. Qxf7 fxe4 (27... Qc7 $5 {was a good
alternative, yielding Black good counterchances:} 28. Nf6 (28. Nc3 Bc5 29. Qe6+
Kb7) 28... Bc5 $132 (28... Bxf6 $143 29. Qe6+)) 28. Qxe7 Rhe8 29. Qf6 (29.
Rxd8+ Qxd8 $11) 29... Kb7 $1 (29... e3 $2 {is bad in view of} 30. Rxd8+ Rxd8 (
30... Qxd8 31. Qxa6+) 31. Qe6+) 30. Qxg6 Qb6 $6 {A time-trouble move. Much
simpler was} (30... e3 $1 31. Rd7+ Rxd7 32. Qxe8 Qd2 $11) 31. Qxb6+ Kxb6 32.
Kc1 e3 {[%cal Gd8d1,Ge3e2]} 33. Rd3 Rc8 34. Kd1 (34. c3 Rc5 $11) 34... Re6 (
34... Rc5 $11) 35. c3 Rg8 36. Rd5 e2+ $2 ({After this unfortunate check the
game is lost. Instead, the natural} 36... Kc6 37. Rf5 Rd8+ {was sufficient for
draw.}) 37. Ke1 Kc6 38. Rf5 Kd7 39. Rg2 Kd6 40. Rff2 Reg6 41. Rxe2 Rf8 42. Ref2
Re8+ 43. Kd2 Re5 44. Rf6+ Rxf6 45. gxf6 Ke6 46. Re2 Kxf6 47. Rxe5 Kxe5 48. Kd3
Kd5 49. b3 Kc6 50. Kd4 a5 51. a4 bxa4 52. bxa4 Kd6 53. c4 Kc6 54. c5 Kc7 55.
Kd5 Kd7 56. c6+ Kc8 57. Kc5 Kc7 58. Kb5 1-0